Online katalóg knižníc regiónu Turca

Príď, láska, k nám (Record no. 22566)

MARC details
000 -LEADER
fixed length control field 00809nam a2200289 a 4500
001 - CONTROL NUMBER
control field 22566
003 - CONTROL NUMBER IDENTIFIER
control field SK-KTurca
005 - DATE AND TIME OF LATEST TRANSACTION
control field 20260401112632.0
008 - FIXED-LENGTH DATA ELEMENTS--GENERAL INFORMATION
fixed length control field 980828s1998 xo 000 1 slo c
020 ## - INTERNATIONAL STANDARD BOOK NUMBER
International Standard Book Number 8022007552 (viaz.)
035 ## - SYSTEM CONTROL NUMBER
System control number UKB000232632
040 ## - CATALOGING SOURCE
Original cataloging agency BAA001
Language of cataloging slo
Transcribing agency BAA001
Description conventions AACR2
041 1# - LANGUAGE CODE
Language code of text/sound track or separate title slo
Language code of original eng
044 ## - COUNTRY OF PUBLISHING/PRODUCING ENTITY CODE
MARC country code xo
ISO country code SK
080 ## - UNIVERSAL DECIMAL CLASSIFICATION NUMBER
Universal Decimal Classification number 820(73)-31
100 1# - MAIN ENTRY--PERSONAL NAME
Personal name Steel, Danielle,
Dates associated with a name 1947-
245 00 - TITLE STATEMENT
Title Príď, láska, k nám
Statement of responsibility, etc. Danielle Steel ; [z angl. orig. prel. Ján Kamenistý]
250 ## - EDITION STATEMENT
Edition statement 2. vyd
260 ## - PUBLICATION, DISTRIBUTION, ETC.
Place of publication, distribution, etc. Bratislava
Name of publisher, distributor, etc. Slov. spis.
Date of publication, distribution, etc. 1998
300 ## - PHYSICAL DESCRIPTION
Extent 264 s
650 07 - SUBJECT ADDED ENTRY--TOPICAL TERM
Topical term or geographic name entry element literatúra americká
650 07 - SUBJECT ADDED ENTRY--TOPICAL TERM
Topical term or geographic name entry element romány spoločenské
653 ## - INDEX TERM--UNCONTROLLED
Uncontrolled term 820(73)-31
700 1# - ADDED ENTRY--PERSONAL NAME
Personal name Kamenistý, Ján
Relationship trl
765 0# - ORIGINAL LANGUAGE ENTRY
Title Fine things
Main entry heading Steel, Danielle, 1947-
942 ## - ADDED ENTRY ELEMENTS (KOHA)
Source of classification or shelving scheme Dewey Decimal Classification
Koha item type Krásna literatúra pre dospelých
Suppress in OPAC No
Holdings
Stav vyradenia Strata Poškodenie Spôsob nadobudnutia Domovská knižnica Aktuálna knižnica Dátum nadobudnutia Total checkouts Čiarový kód exemplára Date last seen Typ exemplára
      Dar Obecná knižnica Turčianska Štiavnička Obecná knižnica Turčianska Štiavnička 01.04.2026   4738000880 01.04.2026 Krásna literatúra pre dospelých
Projekt je podporený Slovenskou asociáciou knižníc
Prevádzkuje Turčianska knižnica Martin 2026